logo

Bir Sreshtho Munshi Abdur Rouf Library
Jhenaidah Cadet College

ওরাকল এসকিউএল এবং পিএল / এসকিউএল / (Record no. 11959)

MARC details
000 -LEADER
fixed length control field 00778nam a2200217 a 4500
001 - CONTROL NUMBER
JCCL Control Number 11959
003 - CONTROL NUMBER IDENTIFIER
JCCL marc code BD-JhCC
005 - DATE AND TIME OF LATEST TRANSACTION
control field 20210225121045.0
008 - FIXED-LENGTH DATA ELEMENTS--GENERAL INFORMATION
fixed length control field 210225b 2016bg a|||| ||a| 000 0 mul d
020 ## - INTERNATIONAL STANDARD BOOK NUMBER
International Standard Book Number 9848485157
035 ## - SYSTEM CONTROL NUMBER
system control number (BD-JhCC)11959
040 ## - CATALOGING SOURCE
Original cataloging agency BD-JhCC
Modifying agency BD-JhCC
041 ## - LANGUAGE CODE
Language code of Book Ben,Eng
082 ## - DEWEY DECIMAL CLASSIFICATION NUMBER
Classification number 005.7585
Author mark and Year MIZ 2016
100 ## - MAIN ENTRY--PERSONAL NAME
Personal name রহমান, মোহাম্মদ মিজানুর
245 ## - TITLE STATEMENT
Title ওরাকল এসকিউএল এবং পিএল / এসকিউএল /
Statement of responsibility, etc মোহাম্মদ মিজানুর রহমান
260 ## - PUBLICATION, DISTRIBUTION, ETC. (IMPRINT)
Place of publication, distribution, etc ঢাকা, বাংলাদেশ :
Name of publisher, distributor, etc জ্ঞানকোষ প্রকাশনী;
Date of publication, distribution, etc ২০১৬.
300 ## - PHYSICAL DESCRIPTION
Pagination 372
Other physical details ill
Dimensions 24 cm.
942 ## - ADDED ENTRY ELEMENTS (KOHA)
Source of classification or shelving scheme Dewey Decimal Classification
Koha item type Books
Holdings
Source of classification or shelving scheme Damaged status Not for loan Home library Current library Date of accession Cost, normal purchase price Total Checkouts Full call number Barcode Date last seen Copy number Koha item type
Dewey Decimal Classification     JCC Rouf Library JCC Rouf Library 02/25/2021 225.00   005.7585 MIZ 2016 16063 02/25/2021 C-1 Books

JCC Library | Contacts | JCC Home

Last Update on 23 September 2017
Copyright @ 2017-2020 JCC Rouf Library
Rouf Library, Jhenidah Cadet College (JCC), Bangladesh